000 00913nam a2200277 4500
001 0000015698
003 CO-CtgCURN
005 20250331191039.0
007 ta
008 160627s1995 000 0 eng d
020 _a9582807881
040 _aCO-CtgCURN
_bspa
_ccoctgcurn
082 0 _a808.51
_bG581s
100 1 _aGodefroy, Barrat.
245 1 0 _aSaber Hablar para Triunfar.
260 _aBogotá :
_bInter Latinoamericana,
_c1995.
300 _a222 p.
336 _2rdacontent
337 _2rdamedia
_asin mediacion
_bn
338 _2rdacarrier
_avolumen
_bnc
505 8 _aEl sistema hablar con aplomo.--No sigas ocultandote detras de un escritorio.--Como mejorar tus facultades de comunicación y poner en juego tus posibilidades
650 1 4 _aOratoria.
908 _a160627
942 _cBK
_h808.51
_iG581s
_2ddc
999 _c25668
_d25668